| 000 | 00747 aa a2200205 4500 | ||
|---|---|---|---|
| 008 | 081020t xxu||||| |||| 00| 0 eng d | ||
| 010 | _aENG-84105 | ||
| 020 | _a8176298514 | ||
| 020 | _c380.00 (hb) | ||
| 035 | _aEN-67638 | ||
| 082 | _a3214.254 | ||
| 100 | _aVerma, Monika | ||
| 245 |
_aPolitical parties and party system in Pakistan / _cby Monika Verma |
||
| 260 |
_aNew Delhi _bDeep and Deep Publications |
||
| 260 | _c2006 | ||
| 300 |
_aviii,107p _c22cm |
||
| 500 | _aIncludes bibliographical references and index | ||
| 942 |
_2ddc _cEN _h3214.254 _m VER |
||
| 999 |
_c17072 _d17072 |
||